[Event "TCh-ROU Superliga"]
[Site "Predeal ROU"]
[Date "2007.10.19"]
[Round "7"]
[White "Filip,L"]
[Black "Nemeth,F"]
[Result "0-1"]
[WhiteElo "2432"]
[BlackElo "2446"]

1.Nf3 Nf6 2.c4 g6 3.Nc3 Bg7 4.d4 O-O 5.e4 d6 6.Be2 e5 7.Be3 Na6 8.O-O Ng4
9.Bg5 Qe8 10.Re1 exd4 11.Nd5 c6 12.Ne7+ Kh8 13.Nxc8 Rxc8 14.Nxd4 Nf6 15.Bf4 Nxe4
16.Bf1 Qe7 17.f3 Qf6 18.Rxe4 Nc5 19.Be3 Nxe4 20.fxe4 Rfe8 21.Bd3 d5 22.cxd5 cxd5
23.e5 Rxe5 24.Bf2 Re7 25.Qd2 a6 26.Rf1 h6 27.b3 Kh7 28.h4 Qe5 29.Re1 Qc7
30.Rxe7 Qxe7 31.Nf5 Qc7 32.Nxg7 Qc1+ 33.Qxc1 Rxc1+ 34.Bf1 Kxg7 35.b4 Rd1
36.Bc5 b5 37.a3 Rd2 38.Be3 Ra2 39.g3 f6 40.Bc5 Kf7 41.Bh3 Rxa3 42.Kf2 f5
43.Be3 Ra2+ 44.Kf3 Rb2 45.Bc5 Rb3+ 46.Kf4 Kf6 47.Bd4+ Ke6 48.Bc5 Rc3 49.Bf1 a5
50.Bxb5 axb4 51.Bd4 Rc1 52.Be8 Re1 53.Bg7 Re4+ 54.Kf3 b3 55.Bb2 Rc4 56.Bxg6 Rc2
57.Bd4 b2  0-1

[Event "Open A"]
[Site "Arco di Trento ITA"]
[Date "2007.10.22"]
[Round "3"]
[White "Bonade,M"]
[Black "Isonzo,D"]
[Result "1/2-1/2"]
[WhiteElo "2168"]
[BlackElo "2339"]

1.d4 Nf6 2.c4 g6 3.Nc3 Bg7 4.e4 O-O 5.Nf3 d6 6.Be2 e5 7.Be3 Ng4 8.Bg5 f6
9.Bh4 g5 10.Bg3 Nh6 11.dxe5 fxe5 12.Qd5+ Kh8 13.h4 g4 14.Nh2 Nc6 15.Qd1 Nd4
16.Nd5 c6 17.Ne3 Be6 18.O-O Bf6 19.Nhxg4 Nxe2+ 20.Qxe2 Nxg4 21.Nxg4 Bxh4
22.Ne3 Bxg3 23.fxg3 Qb6 24.Rxf8+ Rxf8 25.Rf1 Rxf1+ 26.Kxf1 Qd4 27.Qf3 Kg7
28.Ng4 Qxc4+ 29.Kg1 Qc1+ 30.Kh2 Qg5 31.Ne3 Kg6 32.Kh1 h5 33.b3 b5 34.Kh2 a5
35.Nf5 d5 36.Nh4+ Kg7 37.exd5 Bxd5 38.Qf2 Qf6 39.Qa7+ Qf7 40.Qxa5 e4 41.Qd2 Qf6
42.Qe3 b4 43.Qa7+ Kh6 44.Qe3+ Kh7 45.Qa7+ Kh6 46.Qe3+ Kg7 47.Qa7+  1/2-1/2

[Event "IV Open"]
[Site "Calvia ESP"]
[Date "2007.10.23"]
[Round "9"]
[White "Marzolo,C"]
[Black "Damljanovic,B"]
[Result "1/2-1/2"]
[WhiteElo "2478"]
[BlackElo "2608"]

1.d4 d6 2.Nf3 Nf6 3.c4 g6 4.Nc3 Bg7 5.e4 O-O 6.Be2 Na6 7.O-O e5 8.Be3 c6
9.Re1 Ng4 10.Bg5 f6 11.Bh4 exd4 12.Nxd4 Nh6 13.Qd2 Nf7 14.Rad1 Re8 15.Bf1 Nc5
16.b4 Ne6 17.Nb3 b6 18.Qc2 c5 19.bxc5 Nxc5 20.Nxc5 bxc5 21.Nd5 Be6 22.Qa4 Bxd5
23.cxd5 Re7 24.Rb1 Rb8 25.Bg3 Reb7 26.Bd3 Bh6 27.Rxb7 Rxb7 28.h3 Qb8 29.Qc2 Kg7
30.Rb1 Rb4 31.a3 Rb6 32.Rxb6 Qxb6 33.Qa4 Qc7 34.Qb5 Bd2 35.Qb2 Ba5 36.Qb5 Bc3
37.Qc6 Qe7 38.Qc8 g5 39.Bh2 Be5 40.g3 Bd4 41.Kg2 Ne5 42.Be2 Qd7 43.Qa6 Qe7
44.f4 Ng6 45.e5 fxe5 46.f5 Qf7 47.Bg1 Qxd5+ 48.Bf3 e4 49.Qxa7+ Kg8 50.Qb8+ Nf8
51.Bg4 Bxg1 52.Kxg1 Qd4+ 53.Kf1 d5  1/2-1/2

[Event "IV Open"]
[Site "Calvia ESP"]
[Date "2007.10.23"]
[Round "9"]
[White "Jedynak,R"]
[Black "Orlov,And"]
[Result "1/2-1/2"]
[WhiteElo "2543"]
[BlackElo "2481"]

1.Nf3 Nf6 2.c4 g6 3.d4 Bg7 4.Nc3 O-O 5.e4 d6 6.Be2 e5 7.O-O Nbd7 8.Re1 c6
9.Bf1 Ng4 10.h3 exd4 11.Nxd4 Qb6 12.hxg4 Qxd4 13.Bf4 Qxd1 14.Raxd1 Ne5 15.Rxd6 Bxg4
16.c5 Rfe8 17.f3 Be6 18.Rd2 Red8 19.Red1 Rxd2 20.Rxd2 Nd7 21.Be3 Bf8 22.Na4 b5
23.cxb6 axb6 24.Nxb6 Nxb6 25.Bxb6 Bxa2 26.Rc2 Rc8 27.Ba6 Rb8 28.Bc7 Rb4 29.Rd2 Bc5+
30.Kh1 Bd4 31.Ba5 Ra4  1/2-1/2

[Event "Open A"]
[Site "Arco di Trento ITA"]
[Date "2007.10.28"]
[Round "9"]
[White "De Napoli,G"]
[Black "Castellano,A"]
[Result "1-0"]
[WhiteElo "2033"]
[BlackElo "1926"]

1.d4 Nf6 2.c4 g6 3.Nc3 Bg7 4.e4 d6 5.Be2 O-O 6.Nf3 e5 7.d5 Nbd7 8.O-O a5
9.Be3 Ng4 10.Bg5 f6 11.Bh4 g5 12.Nd2 Nh6 13.Bg3 f5 14.f3 f4 15.Bf2 Nf6 16.h3 Nf7
17.c5 dxc5 18.Bxc5 Nd6 19.Nc4 Nfe8 20.Rc1 Bd7 21.Qb3 Qb8 22.Rc2 h5 23.Rfc1 Rf7
24.Bxd6 Qa7+ 25.Kf1 Nxd6 26.Nxd6 cxd6 27.Bb5 Qb6 28.Bxd7 Qxb3 29.axb3 Rxd7
30.Na4 Ra6 31.Rc7 Rxc7 32.Rxc7 b5 33.Nc3 b4 34.Nb5 a4 35.bxa4 Rxa4 36.Nxd6 Ra1+
37.Ke2 Rg1 38.Ne8 Bh6 39.d6 Rxg2+ 40.Kd3 g4 41.hxg4 hxg4 42.Nf6+ Kf8 43.Rc8+ Kf7
44.d7 Rg1 45.Ke2 gxf3+ 46.Kxf3 Rg3+ 47.Ke2 Rg2+ 48.Kf1 Rd2 49.d8=Q Rxd8 50.Rxd8 Kxf6
51.Rb8  1-0

[Event "6th North Am FIDE Inv"]
[Site "Chicago USA"]
[Date "2007.10.28"]
[Round "1"]
[White "Tsyganov,I"]
[Black "Chow,A"]
[Result "1/2-1/2"]
[WhiteElo "2265"]
[BlackElo "2214"]

1.d4 Nf6 2.Nf3 g6 3.c4 Bg7 4.Nc3 O-O 5.e4 d6 6.Be2 e5 7.d5 a5 8.Bg5 h6 9.Bh4 Na6
10.Nd2 Qe8 11.a3 Bd7 12.b3 Nh7 13.Rb1 h5 14.f3 Bh6 15.Bf2 Qe7 16.b4 axb4
17.axb4 h4 18.c5 dxc5 19.bxc5 Nxc5 20.Nc4 Na4 21.Qc2 Rfb8 22.O-O h3 23.g3 Nf6
24.Nxa4 Bxa4 25.Qc3 Nd7 26.Nb2 Nb6 27.Nd3 f6 28.Nc5 Bd7 29.d6 cxd6 30.Rxb6 dxc5
31.Bxc5 Qg7 32.Qb3+ Kh7 33.Rxb7 Rxb7 34.Qxb7 Ra2 35.Bc4 Rg2+ 36.Kh1 Rc2 37.Qb3 Rc1  1/2-1/2

[Event "22nd GP Open A"]
[Site "Le Touquet FRA"]
[Date "2007.10.29"]
[Round "3"]
[White "Guilleux,F"]
[Black "Thomas,O"]
[Result "1-0"]
[WhiteElo "2337"]
[BlackElo "2105"]

1.Nf3 Nf6 2.c4 g6 3.Nc3 Bg7 4.e4 d6 5.d4 O-O 6.Be2 e5 7.Be3 exd4 8.Nxd4 Bd7
9.O-O Re8 10.f3 Nc6 11.Qd2 Nxd4 12.Bxd4 a6 13.Rfd1 Rb8 14.c5 Be6 15.cxd6 cxd6
16.Bf1 Qa5 17.Rac1 Rbc8 18.b3 Rc6 19.Bxf6 Bxf6 20.Nd5 Qxd2 21.Nxf6+ Kf8 22.Rxd2 Rxc1
23.Nxe8 Kxe8 24.Rxd6 Rc2 25.Rb6 Rxa2 26.Rxb7 a5 27.Bb5+ Kf8 28.Ba4 Kg7 29.h4 h6
30.Kh2 g5 31.hxg5 hxg5 32.Ra7 Kg6 33.Ra6 Kh5 34.Rb6 Ra3 35.Be8  1-0

[Event "22nd GP Open A"]
[Site "Le Touquet FRA"]
[Date "2007.10.29"]
[Round "3"]
[White "Klipper,N"]
[Black "Billon,O"]
[Result "1-0"]
[WhiteElo "1840"]
[BlackElo "1928"]

1.c4 g6 2.d4 Bg7 3.e4 d6 4.Nf3 Nf6 5.Nc3 O-O 6.Be2 e5 7.dxe5 dxe5 8.Qxd8 Rxd8
9.Bg5 Nbd7 10.O-O-O Rf8 11.b4 a5 12.a3 axb4 13.axb4 Ra3 14.Kb2 Rxc3 15.Nd2 Ne8
16.Be7  1-0

[Event "22nd GP Open A"]
[Site "Le Touquet FRA"]
[Date "2007.10.29"]
[Round "4"]
[White "D'Costa,L"]
[Black "Degraeve,JM"]
[Result "1/2-1/2"]
[WhiteElo "2395"]
[BlackElo "2546"]

1.d4 Nf6 2.c4 g6 3.Nc3 Bg7 4.e4 d6 5.Nf3 O-O 6.Be2 e5 7.Be3 Ng4 8.Bg5 f6
9.Bc1 exd4 10.Nxd4 f5 11.O-O fxe4 12.Bxg4 Bxg4 13.Qxg4 Bxd4 14.Qxe4 Nc6 15.Be3 Bg7
16.Rad1 Qe8 17.Qxe8 Raxe8 18.Nd5 Rf7 19.b3 Kf8 20.h3 a6 21.Rd2 Nd8 22.Rc1 Ne6
23.f3 g5 24.Nc3 Bxc3 25.Rxc3 Kg7 26.Rd5 Kg6 27.Kf2 h6 28.Rd1 Rfe7 29.h4 gxh4
30.Rh1 Ng7 31.Rxh4 Nf5 32.Rg4+ Kh7 33.Bc1 Re2+ 34.Kg1 Rxa2 35.Kh2 Ree2 36.Rd3 c6
37.Bf4 Re6 38.Kh3 Rae2 39.Bd2 Ne3 40.Rf4 Nxg2 41.Rf7+ Kg8 42.Rxb7 Rg6 43.f4 Rf2
44.f5 Rxf5 45.Rg3 Rxg3+ 46.Kxg3 Re5 47.Bxh6 Ne3 48.Bf4 Re6 49.Rd7 Nf5+ 50.Kg4 Nd4
51.Bxd6 Nxb3 52.Kf5 Nd4+ 53.Kf4 Ne2+ 54.Kf5 Nd4+  1/2-1/2

[Event "7th Rohde Open"]
[Site "Sautron FRA"]
[Date "2007.10.29"]
[Round "3"]
[White "Bogner,S"]
[Black "Maze,S"]
[Result "0-1"]
[WhiteElo "2383"]
[BlackElo "2576"]

1.Nf3 Nf6 2.c4 g6 3.Nc3 Bg7 4.e4 d6 5.d4 O-O 6.Be2 e5 7.Be3 Na6 8.O-O c6
9.d5 Ng4 10.Bg5 f6 11.Bh4 c5 12.Ne1 h5 13.a3 Nh6 14.f3 g5 15.Bf2 f5 16.Nd3 f4
17.Kh1 Bd7 18.b4 b6 19.Qb3 g4 20.Nb5 Qf6 21.bxc5 Nxc5 22.Nxc5 bxc5 23.Rfb1 Rfc8
24.Qd1 Qg6 25.Qe1 Kh8 26.Ra2 Rg8 27.Bh4 Bf6 28.Nc7 Rab8 29.Rab2 Rxb2 30.Rxb2 gxf3
31.Bxf3 Bg4 32.Bxf6+ Qxf6 33.Nb5 h4 34.Qf1 h3 35.gxh3 Bxf3+ 36.Qxf3 a6 37.Nc3 Qh4
38.Rb1 Nf7 39.Rg1 Rxg1+ 40.Kxg1 Ng5 41.Qf1 f3 42.Kh1 Nxh3 43.Qb1 Qg5 44.Qf1 Qg4
45.Ne2 fxe2 46.Qf8+ Kh7 47.Qe7+ Qg7  0-1

[Event "6th North Am FIDE Inv"]
[Site "Chicago USA"]
[Date "2007.10.30"]
[Round "4"]
[White "Chow,A"]
[Black "Vigorito,D"]
[Result "0-1"]
[WhiteElo "2214"]
[BlackElo "2399"]

1.c4 g6 2.d4 Bg7 3.e4 d6 4.Nc3 Nf6 5.Nf3 O-O 6.Be2 e5 7.O-O Na6 8.Be3 Ng4
9.Bg5 Qe8 10.c5 exd4 11.Nd5 Qxe4 12.Ne7+ Kh8 13.cxd6 Nc5 14.Nd2 Qe5 15.Bxg4 Qxg5
16.Bxc8 cxd6 17.Re1 Be5 18.Bxb7 Nxb7 19.Nc6 Bg7 20.Nf3 Qd5 21.Ncxd4 Nc5 22.b3 Ne4
23.Rc1 Rac8 24.Ne2 Qa5 25.Qd3 d5 26.Rc2 Rxc2 27.Qxc2 Ng5 28.Rd1 Nxf3+ 29.gxf3 d4
30.Rd3 Re8 31.Ng3 h5 32.a4 h4 33.Ne4 Qe1+ 34.Kg2 h3+ 35.Kxh3 Qf1+ 36.Kg3 Be5+
37.f4 Qg1+ 38.Kf3 Qh1+ 39.Kg3 Bxf4+ 40.Kxf4 Rxe4+ 41.Kg5 Re5+ 42.Kf6 Rf5+
43.Ke7 Qb7+ 44.Kf8 Qb8+ 45.Ke7 Re5+ 46.Kd7 Rd5+ 47.Ke7 Qd6+ 48.Kxf7 Rf5+
49.Ke8 Rf8+  0-1

[Event "2nd MAIG Team Standard"]
[Site "Macau CHN"]
[Date "2007.10.30"]
[Round "6"]
[White "Mohammed,J"]
[Black "Siti,Z"]
[Result "0-1"]
[WhiteElo "1995"]
[BlackElo "2210"]

1.d4 Nf6 2.c4 g6 3.Nc3 Bg7 4.e4 d6 5.Nf3 O-O 6.Be2 e5 7.dxe5 dxe5 8.Qxd8 Rxd8
9.Bg5 Re8 10.Nd5 Nxd5 11.cxd5 c6 12.dxc6 Nxc6 13.O-O Be6 14.Be3 h6 15.a3 f5
16.exf5 gxf5 17.Rad1 Red8 18.Bc1 e4 19.Nd2 Nd4 20.Bh5 Rac8 21.Rfe1 Nc2 22.Re2 Bc4
23.b3 Bxe2 24.Bxe2 e3 25.fxe3 Nxe3 26.Re1 Rxc1 27.Rxc1 Rxd2 28.Bf3 Bd4 29.Kh1 b6
30.h4 Rc2 31.Rxc2 Nxc2 32.a4 Kg7 33.g3 Kf6 34.Be2 Ke5 35.Kg2 Ke4  0-1

[Event "22nd GP Open A"]
[Site "Le Touquet FRA"]
[Date "2007.10.31"]
[Round "6"]
[White "Leruste,G"]
[Black "Durpaire,A"]
[Result "1-0"]
[WhiteElo "2117"]
[BlackElo "2010"]

1.d4 Nf6 2.c4 g6 3.Nc3 Bg7 4.e4 d6 5.Nf3 O-O 6.Be2 e5 7.O-O Nbd7 8.Be3 a5
9.Re1 Re8 10.d5 Nc5 11.Nd2 Nfd7 12.b3 f5 13.f3 Nf6 14.a3 Bd7 15.b4 axb4 16.axb4 Na6
17.Qb3 Kh8 18.c5 Qe7 19.c6 Bc8 20.Bb5 bxc6 21.Bxc6 Rb8 22.b5 Nd7 23.Ba7 Nac5
24.Qc2 Rb7 25.Bxb7 Bxb7 26.Na4 Bf8 27.Nxc5 dxc5 28.Nc4  1-0

[Event "Promesas"]
[Site "Ronda ESP"]
[Date "2007.10.31"]
[Round "1"]
[White "Minzer,C"]
[Black "Arribas Lopez,A"]
[Result "1/2-1/2"]
[WhiteElo "2417"]
[BlackElo "2312"]

1.d4 Nf6 2.c4 g6 3.Nc3 Bg7 4.e4 d6 5.Nf3 O-O 6.Be2 Nbd7 7.O-O e5 8.Be3 Ng4
9.Bg5 f6 10.Bh4 Nh6 11.dxe5 dxe5 12.b4 c6 13.c5 Nf7 14.Bc4 Qe7 15.Qb3 b6
16.cxb6 Nxb6 17.Rac1  1/2-1/2

[Event "22nd GP Open A"]
[Site "Le Touquet FRA"]
[Date "2007.11.01"]
[Round "8"]
[White "Nijs,N"]
[Black "Heinis,V"]
[Result "1-0"]
[WhiteElo "2106"]
[BlackElo "2202"]

1.d4 Nf6 2.c4 g6 3.Nc3 Bg7 4.Nf3 d6 5.e4 O-O 6.Be2 e5 7.Be3 Na6 8.dxe5 dxe5
9.Nd2 Qe7 10.Nd5 Qd8 11.O-O c6 12.Nxf6+ Qxf6 13.c5 Nc7 14.Nc4 Ne6 15.Nd6 Nd4
16.Bc4 b5 17.Bb3 a5 18.Qd2 Qe7 19.Bd1 Qa7 20.Rc1 Be6 21.f4 Bxa2 22.Bxd4 exd4
23.b3 Bxb3 24.Bxb3 a4 25.Ba2 Qa5 26.Qxa5 Rxa5 27.Rb1 Ra7 28.e5 g5 29.fxg5 Bxe5
30.Nxf7 Bg7 31.Rf3 Re7 32.Rbf1 Ra8 33.Nd8+ Kh8 34.Rf8+ Bxf8 35.Rxf8+ Kg7
36.Rg8+  1-0

[Event "7th Rohde Open"]
[Site "Sautron FRA"]
[Date "2007.11.02"]
[Round "8"]
[White "Saatdjian,T"]
[Black "Bojkov,D"]
[Result "1/2-1/2"]
[WhiteElo "2295"]
[BlackElo "2520"]

1.Nf3 Nf6 2.c4 g6 3.Nc3 Bg7 4.e4 d6 5.d4 O-O 6.Be2 Na6 7.O-O e5 8.Be3 Ng4
9.Bg5 Qe8 10.dxe5 dxe5 11.h3 h6 12.Bd2 Nf6 13.Be3 Qe7 14.a3 c6 15.b4 Nh5
16.Re1 Qf6 17.Ra2 Nf4 18.Bf1 g5 19.Rd2 Be6 20.Nh2 Nc7 21.Ng4 Qg6 22.Bc5 Rfc8
23.Ne3 Ne8 24.Kh2 b6 25.Be7 Bf6 26.Bxf6 Nxf6 27.g3 Kh8 28.Nf5 Bxf5 29.exf5 Qxf5
30.gxf4 Qxf4+ 31.Kh1 g4 32.Re3 Rg8 33.Qe2 gxh3 34.Bxh3 Ng4 35.Bxg4 Rxg4 36.Rg3 Rxg3
37.fxg3 Qxg3 38.Rd3 Qh4+ 39.Qh2 Qe1+ 40.Qg1 Qh4+  1/2-1/2

[Event "VIII Int Rapid"]
[Site "El Sauzal ESP"]
[Date "2007.11.03"]
[Round "2"]
[White "Mchedlishvili,M"]
[Black "Castaneda Gonzalez,L"]
[Result "1-0"]
[WhiteElo "2631"]
[BlackElo "2069"]

1.d4 Nf6 2.c4 g6 3.Nc3 Bg7 4.e4 d6 5.Nf3 O-O 6.Be2 Nbd7 7.O-O e5 8.Be3 Re8
9.d5 a5 10.Nd2 c6 11.a3 c5 12.Nb5 Nf8 13.b4 axb4 14.axb4 Rxa1 15.Qxa1 b6
16.Qa7 Ng4 17.Bxg4 Bxg4 18.f3 Bc8 19.Ra1 Bf6 20.Nf1 g5 21.Qb8  1-0

[Event "VIII Int Rapid"]
[Site "El Sauzal ESP"]
[Date "2007.11.04"]
[Round "7"]
[White "Yastrebova,T"]
[Black "Todorcevic,M"]
[Result "0-1"]
[WhiteElo "2037"]
[BlackElo "2448"]

1.d4 g6 2.c4 Bg7 3.Nc3 d6 4.e4 Nd7 5.Nf3 e5 6.Be2 Ngf6 7.O-O O-O 8.Qc2 exd4
9.Nxd4 c6 10.Be3 Re8 11.f3 Qe7 12.Bf2 Nh5 13.Rad1 Nf4 14.Rfe1 Qg5 15.Bg3 Be5
16.Bf1 Nh5 17.Bxe5 dxe5 18.Nde2 Qe7 19.a3 a5 20.Rb1 Nc5 21.b4 axb4 22.axb4 Ne6
23.c5 Nc7  0-1

[Event "VIII Int Rapid"]
[Site "El Sauzal ESP"]
[Date "2007.11.04"]
[Round "8"]
[White "Leon Varela,L"]
[Black "Cabrera Trujillo,J"]
[Result "1-0"]
[WhiteElo "2200"]
[BlackElo "2317"]

1.d4 Nf6 2.c4 g6 3.Nc3 Bg7 4.e4 O-O 5.Nf3 d6 6.Be2 e5 7.d5 Na6 8.Bg5 h6 9.Bh4 g5
10.Bg3 Nxe4 11.Nxe4 f5 12.Nfd2 fxe4 13.Bg4 Nc5 14.O-O a5 15.b3 Qf6 16.a3 Bxg4
17.Qxg4 Qg6 18.b4 h5 19.Qe2 Nd7 20.h4 gxh4 21.Bxh4 Rf4 22.Bg3 Rg4 23.Kh1 Nf6
24.Bh2 Rxg2 25.Rg1 Rg4 26.b5 Kh7 27.Rxg4 hxg4 28.Re1 Rf8 29.Bg3 Bh6 30.Nxe4 Nxe4
31.Qxe4 Rf3 32.a4 Bf4 33.c5 Qxe4 34.Rxe4 Kg6 35.Bxf4 Rxf4 36.Rxf4 exf4 37.b6 cxb6
38.c6 bxc6 39.dxc6 Kf7  1-0

[Event "VIII Int Rapid"]
[Site "El Sauzal ESP"]
[Date "2007.11.04"]
[Round "8"]
[White "Villavicencio,A"]
[Black "Castaneda Gonzalez,L"]
[Result "1-0"]
[WhiteElo "2381"]
[BlackElo "2069"]

1.d4 Nf6 2.Nf3 g6 3.c4 Bg7 4.Nc3 O-O 5.e4 d6 6.Be2 Nbd7 7.O-O e5 8.Be3 exd4
9.Nxd4 Re8 10.f3 c6 11.Nc2 Qc7 12.Qd2 a6 13.Rfd1 d5 14.cxd5 cxd5 15.exd5 Ne5
16.d6 Qa5 17.b4 Qd8 18.Na4 Bf5  1-0

[Event "ch-IND w"]
[Site "Pune IND"]
[Date "2007.11.07"]
[Round "2"]
[White "Karavade,E"]
[Black "Soumya,Sw"]
[Result "1-0"]
[WhiteElo "2331"]
[BlackElo "2244"]

1.d4 Nf6 2.c4 g6 3.Nc3 Bg7 4.e4 d6 5.Nf3 O-O 6.Be2 e5 7.Be3 Na6 8.O-O Ng4
9.Bg5 Qe8 10.dxe5 dxe5 11.h3 f6 12.Bd2 Nh6 13.c5 Nxc5 14.Qc1 Nf7 15.Nd5 Ne6
16.Nxc7 Nxc7 17.Qxc7 Nd8 18.Rfc1 Be6 19.b4 Rf7 20.Qc3 Nc6 21.b5 Nd4 22.Nxd4 exd4
23.Qxd4 f5 24.e5 Rd8 25.Qb2 Bxe5 26.Qxe5 Rxd2 27.Qe3 Rd8 28.Qxa7 Ra8 29.Qe3 f4
30.Qd2 Rd8 31.Qb2 Bd5 32.Bf1 f3 33.Re1 Re7 34.Qb4 Rxe1 35.Rxe1 Qf7 36.a4 fxg2
37.Bxg2 Bxg2 38.Kxg2 Rf8 39.Qh4 Qf3+ 40.Kg1 Rf4 41.Qg3 Kf7 42.Rc1  1-0

[Event "FSIMA November"]
[Site "Budapest HUN"]
[Date "2007.11.08"]
[Round "6"]
[White "Werner,Di"]
[Black "Cooke,E"]
[Result "1-0"]
[WhiteElo "2346"]
[BlackElo "2253"]

1.Nf3 Nf6 2.d4 g6 3.c4 Bg7 4.Nc3 O-O 5.e4 d6 6.Be2 e5 7.Be3 Nc6 8.d5 Ne7
9.Nd2 Ne8 10.O-O f5 11.f3 f4 12.Bf2 g5 13.c5 Ng6 14.a4 h5 15.a5 Rf7 16.c6 Nf6
17.Qb3 b6 18.axb6 cxb6 19.Bxb6 Qf8 20.Nb5 g4 21.Rxa7 Raxa7 22.Nxa7 Nh4 23.Nxc8 Qxc8
24.Bf2 g3 25.hxg3 fxg3 26.Bxg3 Bh6 27.Bxh4 Bxd2 28.Ra1 Ne8 29.Qb6 Nc7 30.Kh1 Qf8
31.Ra7 Qg7 32.Qb8+ Kh7 33.Qd8 Bb4 34.Qg5 Qf8 35.f4 Bc5 36.Bxh5 Rg7 37.Rxc7  1-0

[Event "Open"]
[Site "Villa de Navalmoral ESP"]
[Date "2007.11.09"]
[Round "8"]
[White "Gladyszev,O"]
[Black "Cabezas Ayala,I"]
[Result "1-0"]
[WhiteElo "2472"]
[BlackElo "2313"]

1.d4 Nf6 2.c4 g6 3.Nc3 Bg7 4.e4 d6 5.Be2 O-O 6.Nf3 e5 7.O-O Nbd7 8.Be3 c6
9.Qc2 Qe7 10.Rad1 Re8 11.d5 Ng4 12.Bg5 f6 13.Bh4 c5 14.Rb1 Nh6 15.Nd2 Nf7
16.a3 h5 17.h3 Bh6 18.b4 b6 19.Nb3 Bg5 20.Bg3 Kg7 21.Nb5 Qd8 22.bxc5 Nxc5
23.Nxc5 bxc5 24.Rb2 f5 25.Nc3 f4 26.Bh2 Bh6 27.Rfb1 Qh4 28.f3 Ng5 29.Bf1 Bxh3
30.gxh3 Nxf3+ 31.Kh1 g5 32.Nb5 Rad8 33.Nc7 g4 34.Nxe8+ Rxe8 35.Qa4 Rg8 36.Rb8 Qf2
37.Qd7+ Kh8 38.Rxg8+ Kxg8 39.Rb8+ Bf8 40.Qe6+  1-0

[Event "Open"]
[Site "Liberec CZE"]
[Date "2007.11.15"]
[Round "7"]
[White "Horyna,J"]
[Black "Backmann,M"]
[Result "1/2-1/2"]
[WhiteElo "1903"]
[BlackElo "2140"]

1.d4 Nf6 2.Nf3 g6 3.c4 Bg7 4.Nc3 O-O 5.e4 d6 6.Be2 e5 7.dxe5 dxe5 8.Qxd8 Rxd8
9.Bg5 Re8 10.Nd5 Nxd5 11.cxd5 c6 12.Bc4 cxd5 13.Bxd5 Nd7 14.O-O Nb6 15.Bb3 Bd7
16.Be3 h6 17.Rac1 Bc6 18.Nd2 Rad8 19.Rc3 Bf8 20.a3 Kg7 21.f3 Rd7 22.Nc4 Nxc4
23.Bxc4 a6 24.Rd3 Rxd3 25.Bxd3 Rd8 26.Be2 Bb5 27.Rd1 Rc8 28.Bxb5 axb5 29.Rd5 b4
30.axb4 Rc2 31.Bc5 Bxc5+ 32.Rxc5 Rxb2 33.Rb5 Kf6 34.h4 g5 35.Rb6+ Kg7 36.hxg5 hxg5
37.Kh2 f6 38.Kg3 Kg6 39.Rxb7 Kh5 40.b5 Kg6 41.b6 Kh5 42.Rb8 Kg6 43.b7 Kg7
44.Kg4 Rxg2+ 45.Kf5 Rb2 46.Ke6 Rb6+ 47.Kd5 Rb1 48.Kd6 Rd1+ 49.Ke6 Rb1  1/2-1/2

[Event "TCh-BEL 2007-8"]
[Site "Belgium BEL"]
[Date "2007.11.18"]
[Round "4"]
[White "Brunner,N"]
[Black "Ahn,M"]
[Result "1/2-1/2"]
[WhiteElo "2428"]
[BlackElo "2309"]

1.d4 Nf6 2.c4 g6 3.Nf3 Bg7 4.Nc3 O-O 5.e4 d6 6.Be2 e5 7.dxe5 dxe5 8.Qxd8 Rxd8
9.Bg5 Re8 10.Nd5 Nxd5 11.cxd5 c6 12.Bc4 cxd5 13.Bxd5 Nd7 14.Nd2 Nc5 15.Nc4 Bf8
16.Ke2 Ne6 17.Be3 Nc7 18.Rac1 Nxd5 19.exd5 b6 20.Rhd1  1/2-1/2

[Event "WYg16"]
[Site "Kemer TUR"]
[Date "2007.11.18"]
[Round "1"]
[White "Khazhomia,S"]
[Black "Dincok,G"]
[Result "1-0"]
[WhiteElo "2168"]
[BlackElo "1755"]

1.d4 Nf6 2.c4 g6 3.Nc3 Bg7 4.e4 d6 5.Be2 O-O 6.Nf3 e5 7.d5 Nbd7 8.Qc2 h6
9.O-O Nh7 10.Nd2 f5 11.b4 Ndf6 12.c5 Rf7 13.Ba3 Bf8 14.Rac1 a6 15.Qb3 f4
16.b5 Rg7 17.b6 Kh8 18.bxc7 Rxc7 19.cxd6 Bxd6 20.Bxd6 Qxd6 21.Nc4 Qd8 22.d6 Rxc4
23.Qxc4 Qxd6 24.Qf7 Be6 25.Qxb7 Rb8 26.Rcd1 Rxb7 27.Rxd6 Bf7 28.Bxa6 Rc7
29.Nd5 Rd7 30.Rxd7 Nxd7 31.Rc1 Ndf6 32.Nxf6 Nxf6 33.Bc4 Be8 34.f3 g5 35.Be6 Kg7
36.Rc7+ Kf8 37.a4 Nh5 38.a5  1-0

[Event "WYb18"]
[Site "Kemer TUR"]
[Date "2007.11.19"]
[Round "2"]
[White "Kociscak,J"]
[Black "Caspi,I"]
[Result "0-1"]
[WhiteElo "2223"]
[BlackElo "2377"]

1.d4 Nf6 2.c4 g6 3.Nc3 Bg7 4.e4 d6 5.Nf3 O-O 6.Be2 e5 7.Be3 Ng4 8.Bg5 f6
9.Bh4 g5 10.Bg3 Bh6 11.d5 Nd7 12.O-O f5 13.exf5 Nc5 14.Nd2 Bxf5 15.f3 Nd3
16.Nde4 Nf4 17.h3 Bd7 18.c5 Bf5 19.Bf2 Bxe4 20.Qa4 Rc8 21.cxd6  0-1

[Event "WYg18"]
[Site "Kemer TUR"]
[Date "2007.11.21"]
[Round "4"]
[White "Nemcova,Kat"]
[Black "Umudova,N"]
[Result "1-0"]
[WhiteElo "2255"]
[BlackElo "2183"]

1.d4 Nf6 2.c4 g6 3.Nc3 Bg7 4.e4 d6 5.Nf3 O-O 6.Be2 e5 7.Be3 h6 8.O-O Ng4
9.Bc1 Nc6 10.d5 Ne7 11.Ne1 f5 12.Bxg4 fxg4 13.Be3 g5 14.b4 Ng6 15.a4 a5 16.Nc2 Rf7
17.c5 Nf4 18.Nb5 h5 19.cxd6 cxd6 20.Nca3 axb4 21.Nc4 Ra6 22.a5 Qd7 23.Na7 Qe8
24.Rb1 Rc7 25.Rxb4 Bf8 26.Nb5 Rxc4 27.Rxc4 Qxb5 28.Rxc8 Rxa5 29.Bxf4 gxf4
30.Qc2 Qa6 31.Rb1 b6 32.Rb8 Rc5 33.Qd1 Qc4 34.Qe1 b5 35.f3 Qd4+ 36.Kh1 Qd3
37.Rd1 Qb3 38.Rb1 Qd3 39.fxg4 hxg4 40.Rd1 Qc2 41.Ra1 Qb2 42.Rb1 Qa3 43.Qd1 Kf7
44.R8xb5 Rc4 45.R5b3 Qc5 46.h3 f3 47.gxf3 g3 48.Qg1 Bh6 49.Qxg3 Qc8 50.Rb7+ Kf6
51.Rg1  1-0

[Event "WYb16"]
[Site "Kemer TUR"]
[Date "2007.11.21"]
[Round "4"]
[White "Goganov,A"]
[Black "Poleshchuk,D"]
[Result "1-0"]
[WhiteElo "2299"]
[BlackElo "2162"]

1.d4 Nf6 2.c4 g6 3.Nc3 Bg7 4.e4 d6 5.Nf3 O-O 6.Be2 e5 7.O-O Na6 8.Re1 c6
9.Bf1 Nh5 10.h3 Nf4 11.Be3 Qf6 12.c5 Qd8 13.cxd6 exd4 14.Bxd4 Qxd6 15.Bxg7 Qxd1
16.Raxd1 Kxg7  1-0

[Event "20th Belgrade Trophy"]
[Site "Belgrade SRB"]
[Date "2007.11.22"]
[Round "1"]
[White "Pantic,Mil"]
[Black "Kolarevic,D"]
[Result "0-1"]
[WhiteElo "2167"]
[BlackElo "2155"]

1.c4 Nf6 2.Nc3 g6 3.d4 Bg7 4.Nf3 O-O 5.e4 d6 6.Be2 e5 7.d5 Nbd7 8.b4 a5 9.b5 Nc5
10.Qc2 Nh5 11.g3 f5 12.Ba3 Nxe4 13.Nxe4 fxe4 14.Qxe4 Bf5 15.Qe3 Nf6 16.Nh4 Ng4
17.Bxg4 Bxg4 18.O-O g5 19.Ng2 b6 20.Bb2 Bf3 21.h3 Qf6 22.Ne1 h6 23.Rc1 Bh5
24.Ng2 Qf3 25.Ba1 Rf7 26.Ne1 Qxe3 27.fxe3 Rxf1+ 28.Kxf1 Rf8+ 29.Kg2 Bg6 30.g4 Be4+
31.Kg3 Kh7 32.Rd1 Kg6 33.Rd2 Rf1 34.Re2 h5 35.Bc3  0-1

[Event "20th Belgrade Trophy"]
[Site "Belgrade SRB"]
[Date "2007.11.22"]
[Round "1"]
[White "Perez Aleman,P"]
[Black "Stojanovic,Da"]
[Result "0-1"]
[WhiteElo "2110"]
[BlackElo "2510"]

1.Nf3 Nf6 2.c4 g6 3.Nc3 Bg7 4.e4 d6 5.d4 O-O 6.Be2 Nbd7 7.O-O e5 8.Be3 Ng4
9.Bg5 f6 10.Bd2 Nh6 11.Qc1 Nf7 12.b4 c6 13.c5 dxc5 14.dxc5 Qe7 15.Bc4 Rd8
16.Be3 Nf8 17.Ne2 Ne6 18.Nd2 f5 19.f3 Nd4 20.Nxd4 exd4 21.Bf4 Be6 22.exf5 Bxc4
23.Qxc4 gxf5 24.Rae1 Qd7 25.Bd6 b5 26.Qb3 Re8 27.f4 Kh8 28.Nf3 Nxd6 29.cxd6 Qxd6
30.Ng5 Qd5 31.Qh3 h6 32.Qh5 Re3 33.Rxe3 dxe3 34.Nf7+ Kh7 35.Rd1 e2 36.Ng5+ Kg8
37.Qxe2 Bd4+ 38.Kh1 hxg5 39.fxg5 Rd8 40.g6 Kg7 41.Qe7+ Kxg6 42.Re1 Bf6 43.Qxa7 Qd2
44.Qg1 Qxb4 45.Qe3 Qe4 46.Qg3+ Qg4 47.Qb3 Rd5 48.h3 Qh4 49.Re3 Qc4 50.Rg3+ Kf7
51.Qb1 Qe2 52.Kh2 Be5 53.Qxf5+ Ke7 54.Qg5+ Kd7  0-1

[Event "20th Belgrade Trophy"]
[Site "Belgrade SRB"]
[Date "2007.11.22"]
[Round "1"]
[White "Mirkovic,St"]
[Black "Markovic,N"]
[Result "1-0"]
[WhiteElo "2250"]
[BlackElo "1921"]

1.Nf3 Nf6 2.c4 g6 3.Nc3 Bg7 4.e4 d6 5.d4 Nbd7 6.Be2 O-O 7.O-O e5 8.d5 Nc5
9.Nd2 Ne8 10.b4 Na6 11.Ba3 f5 12.c5 Nb8 13.Nc4 Nd7 14.Qb3 Ndf6 15.f3 Nh5
16.cxd6 Nxd6 17.b5 Nxc4 18.Bxc4 Re8 19.d6+ Kh8 20.Bf7 Rf8 21.dxc7 Qxc7 22.Bxf8 Bxf8
23.exf5 Bc5+ 24.Kh1 Qe7 25.Ne2 Bxf5 26.g4 Rf8 27.Bd5 Bd7 28.gxh5 Rf5 29.Ng3 Rf4
30.hxg6 Rh4 31.Qc2 hxg6 32.Ne4 Bd4 33.Qg2 Bf5 34.Rae1 Qh7 35.Ng5 Qd7 36.Be4 Bxe4
37.Rxe4 Rh5 38.f4 Qxb5 39.Nf7+ Kg7 40.Nxe5 Rxh2+  1-0

[Event "WYb16"]
[Site "Kemer TUR"]
[Date "2007.11.22"]
[Round "5"]
[White "Wickstrom,L"]
[Black "Karagollu,A"]
[Result "1-0"]
[WhiteElo "2115"]
[BlackElo "1924"]

1.d4 Nf6 2.c4 g6 3.Nc3 d6 4.Nf3 Nbd7 5.e4 Bg7 6.Be2 e5 7.O-O O-O 8.Be3 Ng4
9.Bg5 f6 10.Bd2 Nh6 11.dxe5 dxe5 12.b4 c6 13.c5 Qe7 14.Qb3+ Kh8 15.Rad1 Ng8
16.Bc4 b6 17.cxb6 Nxb6 18.Be3 Nxc4 19.Qxc4 Be6 20.Qc5 Qf7 21.Rd6 Rfc8 22.Rfd1 Bf8
23.a4 Bxd6 24.Rxd6 Rd8 25.Ng5 fxg5 26.Qxe5+ Nf6 27.Rxe6 Qd7 28.g3 Qg7 29.Qxf6 Qxf6
30.Rxf6 Rac8 31.Bc5 g4 32.Rd6 Rf8 33.Rd7 Rf3 34.Bd4+ Kg8 35.Rg7+ Kf8 36.Rxh7 Rd8
37.Rh8+ Ke7 38.Rxd8 Kxd8 39.Kf1 Rf7 40.Ke2 Rh7 41.e5 a6 42.Ne4 Rxh2 43.Nc5  1-0

[Event "WYb16"]
[Site "Kemer TUR"]
[Date "2007.11.22"]
[Round "5"]
[White "Bogner,S"]
[Black "Arenas,D"]
[Result "1-0"]
[WhiteElo "2383"]
[BlackElo "2184"]

1.Nf3 Nf6 2.c4 g6 3.Nc3 Bg7 4.e4 d6 5.d4 O-O 6.Be2 e5 7.Be3 c6 8.d5 Na6 9.Nd2 c5
10.a3 Ne8 11.g4 Kh8 12.h4 f5 13.gxf5 gxf5 14.exf5 Bxf5 15.Nde4 Nf6 16.Ng3 Bc8
17.Bg5 Qd7 18.Qd2 Qf7 19.O-O-O Nc7 20.h5 Rg8 21.f4 Nd7 22.Nce4 exf4 23.Nxd6 Qf8
24.Ngf5 Bf6 25.Bh6  1-0